<?xml version="1.0" encoding="UTF-8"?><?xml-stylesheet type="text/xsl" href="static/style.xsl"?><OAI-PMH xmlns="http://www.openarchives.org/OAI/2.0/" xmlns:xsi="http://www.w3.org/2001/XMLSchema-instance" xsi:schemaLocation="http://www.openarchives.org/OAI/2.0/ http://www.openarchives.org/OAI/2.0/OAI-PMH.xsd"><responseDate>2026-04-17T06:46:30Z</responseDate><request verb="GetRecord" identifier="oai:www.recercat.cat:2072/463866" metadataPrefix="marc">https://recercat.cat/oai/request</request><GetRecord><record><header><identifier>oai:recercat.cat:2072/463866</identifier><datestamp>2025-04-03T08:20:36Z</datestamp><setSpec>com_2072_98</setSpec><setSpec>col_2072_378192</setSpec></header><metadata><record xmlns="http://www.loc.gov/MARC21/slim" xmlns:dcterms="http://purl.org/dc/terms/" xmlns:xsi="http://www.w3.org/2001/XMLSchema-instance" xmlns:doc="http://www.lyncode.com/xoai" xsi:schemaLocation="http://www.loc.gov/MARC21/slim http://www.loc.gov/standards/marcxml/schema/MARC21slim.xsd">
   <leader>00925njm 22002777a 4500</leader>
   <datafield ind2=" " ind1=" " tag="042">
      <subfield code="a">dc</subfield>
   </datafield>
   <datafield ind2=" " ind1=" " tag="720">
      <subfield code="a">Martín, Miguel</subfield>
      <subfield code="e">author</subfield>
   </datafield>
   <datafield ind2=" " ind1=" " tag="720">
      <subfield code="a">Fior, Asja</subfield>
      <subfield code="e">author</subfield>
   </datafield>
   <datafield ind2=" " ind1=" " tag="260">
      <subfield code="c">2022</subfield>
   </datafield>
   <datafield ind2=" " ind1=" " tag="520">
      <subfield code="a">A partir de los supuestos de que las sociedades posindustriales son sociedades mediatizadas, de que uno de los sectores en los que la mediatización ha sido más acelerada y más visible es el campo de lo político y de que el medio que sin duda ha contribuido de forma fundamental a este proceso es la televisión para el "gran público", en este artículo nos interrogamos acerca de las transformaciones que ha sufrido la opinión pública en un mundo cada vez más hipermediatizado y describiremos cómo se configura en los espacios digitales. Así, se prestará atención a las técnicas y herramientas que estos nos ofrecen y a cómo modalizan el comportamiento de sus usuarios; a las nuevas figuras que generan, como la del prosumer o la del streamer; a cómo propician la viralización de bulos y rumores, y a la pugna entre los medios de comunicación de masas por estos nuevos espacios conformados por las redes sociales.</subfield>
   </datafield>
   <datafield ind2=" " ind1=" " tag="520">
      <subfield code="a">Starting from the assumption that post-industrial societies are mediatized societies; that one of the sectors in which mediatization has been more accelerated and more visible is the political field; and that the medium that has undoubtedly contributed most fundamentally to this process is television for the "general public", in this article we ask ourselves about the transformations that Public Opinion has undergone in an increasingly hypermediated world and we will describe how it is configured in digital spaces. Thus, attention will be paid to the techniques and tools that they offer us and how they shape the behavior of their users; to the new figures they generate, such as the prosumer or the streamer; how they promote the viralization of hoaxes and rumors; or to the struggle that the mass media have with these new spaces made up of social networks.</subfield>
   </datafield>
   <datafield tag="653" ind2=" " ind1=" ">
      <subfield code="a">Opinión pública</subfield>
   </datafield>
   <datafield tag="653" ind2=" " ind1=" ">
      <subfield code="a">Mediatización</subfield>
   </datafield>
   <datafield tag="653" ind2=" " ind1=" ">
      <subfield code="a">Software culture</subfield>
   </datafield>
   <datafield tag="653" ind2=" " ind1=" ">
      <subfield code="a">Estrategias de veredicción</subfield>
   </datafield>
   <datafield tag="653" ind2=" " ind1=" ">
      <subfield code="a">Public Opinion</subfield>
   </datafield>
   <datafield tag="653" ind2=" " ind1=" ">
      <subfield code="a">Mediation</subfield>
   </datafield>
   <datafield tag="653" ind2=" " ind1=" ">
      <subfield code="a">Software culture</subfield>
   </datafield>
   <datafield tag="653" ind2=" " ind1=" ">
      <subfield code="a">Mass communication</subfield>
   </datafield>
   <datafield tag="653" ind2=" " ind1=" ">
      <subfield code="a">Veridiction strategies</subfield>
   </datafield>
   <datafield ind2="0" ind1="0" tag="245">
      <subfield code="a">Figuras del destinatario en la era de la información : la digitalización de la opinión pública</subfield>
   </datafield>
</record></metadata></record></GetRecord></OAI-PMH>